000 00460ntaaa2200157 4500
003 01
005 20251027202233.0
008 0714s1973 ag 01
040 _aAR-BaBN
_bspa
_cAR-BaBN
_eaacr
_dRIC
082 _a268.11 En2
100 _aEnete, W. W.
245 _aLivro departamental da escola popular baptista do Brasil /
_cW. W. Enete
260 _aRío de Janeiro :
_bJunta de Escolas Dominicaes E Mocidade Baptista,
_c1938
300 _a80 p.
942 _cBK
999 _c17203
_d17203